Tái sanh duyên : Tình sử Mạnh Lệ Quân

Na minha lista:
Detalhes bibliográficos
Autor principal: Mộng, Bình Sơn
Formato: Livro
Idioma:Undetermined
Publicado em: Hải Phòng Nhà xuất bản Hải Phòng 2000
Assuntos:
Tags: Adicionar Tag
Sem tags, seja o primeiro a adicionar uma tag!
Thư viện lưu trữ: Trung tâm Học liệu Trường Đại học Cần Thơ
LEADER 00607nam a2200193Ia 4500
001 CTU_39550
008 210402s9999 xx 000 0 und d
082 |a 895.13081 
082 |b S464/T.2 
100 |a Mộng, Bình Sơn 
245 0 |a Tái sanh duyên : 
245 0 |b Tình sử Mạnh Lệ Quân 
245 0 |c Mộng Bình Sơn 
260 |a Hải Phòng 
260 |b Nhà xuất bản Hải Phòng 
260 |c 2000 
650 |a Chinese fiction,Chinese literature 
904 |i Năm sửa cutter thành S464/T.2 
980 |a Trung tâm Học liệu Trường Đại học Cần Thơ